Bilecik Bilecik Bilecik Bilecik Bilecik

Ocağımız Sönmesin / (Record no. 25510)

MARC details
000 -BAŞLIK
Sabit Uzunluktaki Kontrol Alanı 01774nam a22003377a 4500
001 - KONTROL NUMARASI
Control Dosyası 0025563
003 - KONTROL NUMARASI KİMLİĞİ
Kontrol Alanı KOHA_MİRAKIL
005 - EN SON İŞLEM TARİHİ ve ZAMANI
Kontrol Alanı 20260207002506.0
007 - FİZİKSEL TANIM SABİT ALAN - GENEL BİLGİ
Sabit uzunluklu kontrol alanı ta
008 - SABİT UZUNLUKTAKİ VERİ ÖGELERİ - GENEL BİLGİ
Sabit Alan 101206b2005 tu |||gr||||#0|||1|tur |
020 ## - ISBN - ULUSLARARASI STANDART KİTAP NUMARASI
Isbn 9754375232
Kullanılabilirlik koşulları 8,4499999999999993
040 ## - KATALOGLAMA KAYNAĞI
Özgün Kataloglama Kurumu TR-BiSEU
Kataloglama Dili tur
Çeviri Kurumu TR-BiSEU
Açıklama Kuralları rda
041 0# - DİL KODU
Metin ya da ses kaydının dil kodu tur
044 ## - YAYINLAYAN/ÜRETEN KURULUŞUN ÜLKE KODU
ISO country code tu
050 ## - SINIFLAMA ve YER NUMARASI
Sınıflama Numarası PL248.O93
Yer Numarası O33 2005
100 1# - KİŞİ ADI
Yazar Adı (Kişi adı) Özdek, Refik.
245 1# - ESER ADI BİLDİRİMİ
Başlık Ocağımız Sönmesin /
Sorumluluk Bildirimi Refik Özdek ; Refik Özdek.
264 #1 - ÜRERİM, YAYIN, DAĞITIM ve TELİF BİLDİRİMİ
Yayın yeri İstanbul :
Yayınlayan Ötüken
Yayın tarihi 2005
300 ## - FİZİKSEL TANIMLAMA
Sayfa, Cilt vb. 264 sayfa ;
Boyutları 21 cm.
336 ## - İÇERİK TÜRÜ
Content type term metin
Content type code txt
Source rdacontent
337 ## - MEDYA TÜRÜ
Media type term aracısız
Media type code n
Source rdamedia
338 ## - TAŞIYICI TÜRÜ
Carrier type term cilt
Carrier type code nc
Source rdacarrier
490 1# - DİZİ BİLDİRİMİ
Dizi Bildirimi Edebi Eserler;100
505 ## - İÇİNDEKİLER NOTU
İçindekiler Notu Bayrağın dalgalandığı yere doğru yapılan öle-yite yürüyüşün adıdır. 93 Harbi çok çetin geçer. Bir yandan Rus orduları diğer yandan Sırp, Bulgar ve Rum çeteleri memleketi baştanbaşa talan ederler. Balkanlardaki sayısız masum insanımız evlerini yurtlarını terk edip harbin yıkım ve vahşetinden kaçmak zorunda kalırlar. Kâh yayandırlar, kâh limanlara kâh istasyonlara doluşurlar. Kovalanırlar, kaçarlar, yakalanırlar. Kimileri açlıktan ölür, kimileri donarak soğuktan.
650 #0 - KONU BAŞLIĞI EK GİRİŞ - KONU TERİMİ
Konusal terim veya coğrafi ad Türk romanı--20.yy.
9 (RLIN) 31708
650 #0 - KONU BAŞLIĞI EK GİRİŞ - KONU TERİMİ
Konusal terim veya coğrafi ad Türk romanı.
9 (RLIN) 5504
650 #0 - KONU BAŞLIĞI EK GİRİŞ - KONU TERİMİ
Konusal terim veya coğrafi ad Turkish fiction.
9 (RLIN) 6661
830 1# - SERİ EK GİRİŞİ - TEKBİÇİM ESER ADI
Tekbiçim Başlık Edebi Eserler;100
9 (RLIN) 51452
907 ## - LOCAL DATA ELEMENT G, LDG (RLIN)
a Roman
942 ## - EK GİRİŞ ÖGELERİ (KOHA)
Source of classification or shelving scheme Library of Congress Classification
Koha item type Book
505 ## - İÇİNDEKİLER NOTU
--
-- "Rasim vagonla beraber yürürken bağırıyordu: "Ocağımızı söndürme, bacalar tüter olsun!" Koşuyordu. Önüne çıkanlara çarpa çarpa, trenle birlikte hızını artıra artıra. Kalabalık sıklaşıp adım atamaz olunca koynundan Mesude'nin verdiği çevreyi, o büyük mendili çıkarıp salladı... salladı....
Holdings
Materyal Türü Kalıcı Konum Mevcut Konum Raf Yeri Sınıflandırma Kaynağı Edinim Bilgisi Ana Konular Alt Konular Yer Numarası Demirbaş Numarası Fatura Tarihi Maliyet, Alış Fiyatı Maliyet, Yenileme Fiyatı Geri Çekilme Durumu Kayıp Durumu Hasarlı Durumu Kredi için değil Kayıt Tarih Toplam Ödünçverme Son Görülme Tarihi Son Kontrol Tarihi
Book BŞEÜ Bozüyük MYO Kütüphanesi BŞEÜ Bozüyük MYO Kütüphanesi   Library of Congress Classification Satın DİL VE EDEBİYAT Doğu Asya, Afrika, Okyanusya Dilleri ve Edebiyatları PL248.O93 O33 2005 0025567 15/12/2010 9.13 9.13         06/12/2010   05/12/2024 05/12/2024
Book BŞEÜ Gölpazarı MYO Kütüphanesi BŞEÜ Gölpazarı MYO Kütüphanesi   Library of Congress Classification Satın DİL VE EDEBİYAT Doğu Asya, Afrika, Okyanusya Dilleri ve Edebiyatları PL248.O93 O33 2005 0025565 15/12/2010 9.13 9.13         06/12/2010 1 05/12/2024 05/12/2024
Book BŞEÜ Osmaneli MYO Kütüphanesi BŞEÜ Osmaneli MYO Kütüphanesi   Library of Congress Classification Satın DİL VE EDEBİYAT Doğu Asya, Afrika, Okyanusya Dilleri ve Edebiyatları PL248.O93 O33 2005 0025564 15/12/2010 9.13 9.13         06/12/2010   05/12/2024 05/12/2024
Book BŞEÜ Pazaryeri MYO Kütüphanesi BŞEÜ Pazaryeri MYO Kütüphanesi   Library of Congress Classification Satın DİL VE EDEBİYAT Doğu Asya, Afrika, Okyanusya Dilleri ve Edebiyatları PL248.O93 O33 2005 0025568 15/12/2010 9.13 9.13         06/12/2010   05/12/2024 05/12/2024
Book Prof. Dr. Azmi Özcan Kütüphanesi Prof. Dr. Azmi Özcan Kütüphanesi Birûni Salonu Library of Congress Classification Satın DİL VE EDEBİYAT Doğu Asya, Afrika, Okyanusya Dilleri ve Edebiyatları PL248.O93 O33 2005 0025563 15/12/2010 9.13 9.13         12/11/2010 3 05/12/2024 05/12/2024
Book Prof. Dr. Azmi Özcan Kütüphanesi Prof. Dr. Azmi Özcan Kütüphanesi Birûni Salonu Library of Congress Classification Satın DİL VE EDEBİYAT Doğu Asya, Afrika, Okyanusya Dilleri ve Edebiyatları PL248.O93 O33 2005 0025569 15/12/2010 9.13 9.13         06/12/2010 4 05/12/2024 05/12/2024